000 00705nam a2200229 a 4500
008 951121s1989||||[C 0 slo c
020 _a8022000140
_c18 Kčs.
_q(2000 výtl.)
040 _aSNK
_bslo
_cSNK
_eAACR2
041 1 _aslo
_hslo
044 _axo
_cSK
080 _a885.4-3
100 1 _aFarkašová, Etela
_4aut
245 1 0 _aUnikajúci portrét
_cEtela Farkašová ; Naďa Rappensbergerová, Pavol Blažo
250 _a1., vyd.
260 _aBratislava
_bSlovenský spisovateľ
_c1989
_eŽilina
_fPravda
300 _a168 s., 8,65 AH
_c20 cm
490 0 _aNová próza
500 _aIlustr. na front.
700 1 _aRappensbergerová, Naďa
_4bkd
700 1 _aBlažo, Pavol
_4bkd
958 _aA
999 _c10654
_d10654